[Event "Barcelona Sant Marti op 11th"]
[Site "Barcelona"]
[Date "2024.02.08"]
[Round "5"]
[White "Garcia Arias, Pablo"]
[Black "Marques Soriano, Valentin"]
[Result "0-1"]
[WhiteElo "1420"]
[BlackElo "1623"]
[PlyCount "45"]
[EventDate "2024.01.11"]
[EventType "swiss"]
[EventRounds "9"]
[EventCountry "ESP"]
[SourceTitle "CB11_2024"]
[SourceDate "2024.03.13"]
[SourceVersion "1"]
[SourceVersionDate "2024.03.13"]
[SourceQuality "1"]

1. e4 e5 2. Nf3 Nc6 3. Bb5 d6 4. c3 a6 5. Ba4 b5 6. Bb3 Be7 7. d3 Nf6 8. Nbd2 0-0 9. Nf1 d5 10. Qe2 d4 11. Ng3 Be6 12. 0-0 Qd7 13. Nh4 Bxb3 14. axb3 Qe6 15. f4 exf4 16. Bxf4 g6 17. Nf3 Ne8 18. cxd4 Qxb3 19. Rfc1 Nb4 20. Rc3 Qe6 21. d5 Qg4 22. Qf2 Qxf4 23. Ne2 0-1